Statistiche per grey's anatomy

Clicka qui per fare il quiz!

Statistiche generali

  • Questo quiz è stato fatto 67 volte
  • Il punteggio medio è 12 su 15

Statistiche sulle risposte

DomandaRisposta% Corretto
Di quale malattia soffre la mamma di Meredith?Alzheimer
100%
Il soprannome della Bailey da specializzando capo?la nazista
97%
Addison ha tradito Derek con?Mark
97%
Quanti sono i figli di Meredith e Derek? Quali sono i loro nomi?3, Zola, Bailey, Ellis
93%
Jackson è il papà della piccola Harriet, ma la mamma chi è?April kepner
93%
Dov'è andata a vivere Cristina dopo aver lasciato il Grey Sloan memorial hospital?Svizzera
91%
Quale tra queste coppie non è mai esistita?Andrew De luca e April kepner
88%
Qual è il colore del camice di uno strutturato come Meredith?blu scuro
84%
Cosa succede negli episodi 8x23 e 8x24incidente e disastro aereo
78%
Chi ha partorito in casa di Meredith con un parto cesareo senza anestesia?April
74%
Nell'episodio 6x23-6x24 Lexie sta con Alex, ma lui per errore la chiama?Izzie
74%
Quante sorelle ha Meredith?3 Molly. Lexie e Maggie
64%
In quale stagione è morto Mark Sloan?9
64%
Quale canzone fa da sottofondo al momento in cui Jackson dichiara il suo amore ad April, mentre quest'ultima sta per sposare Matthew?total eclipse of the heart
55%
Nella 16 stagione scopriamo che Richard Webber a causa di una protesi per l'anca, è vittima di avvelenamento, ma di che tipo?cobalto
40%

Distribuzione punteggi

Percentile per numero di risposta

Percentuale di utenti per punteggio

I tuoi punteggi nel tempo

Non hai fatto questo quiz